Statistiken für Autobahnen Österreich

Klicken Sie hier um das Quiz zu spielen!

Allgemein

  • Dieses Quiz wurde 40 mal gespielt
  • Das Durchschnittsergebnis liegt bei 13 aus 19

Antwortstatistiken

KürzelBezeichnung% Korrekt
A5Nord Autobahn
89%
A10Tauern Autobahn
89%
A4Ost Autobahn
83%
A2Süd Autobahn
83%
A3Südost Autobahn
83%
A1West Autobahn
83%
A13Brenner Autobahn
78%
A12Inntal Autobahn
78%
A8Innkreis Autobahn
72%
A6Nordost Autobahn
72%
A9Pyhrn Autobahn
72%
A11Karawanken Autobahn
67%
A7Mühlkreis Autobahn
67%
A23Autobahn Südosttangente Wien
61%
A14Rheintal/Walgau Autobahn
61%
A22Donauufer Autobahn
56%
A25Welser Autobahn
50%
A21Wiener Außenring Autobahn
50%
A26Linzer Autobahn
39%

Verteilung der Resultate

Perzentil nach korrekt beantworteten Fragen

Anzahl Personen mit jedem Resultat

Ihre Resultats-Entwicklung

Sie haben dieses Quiz noch nicht gespielt